000 00892nam a2200229 a 4500
001 48918
003 BD-RjUL
005 20250430113237.0
008 160817s1962 bg ||||| |||| 00| 0 ben d
020 _c:Tk.5.00
035 _a(BD-RjUL)49037
040 _aBD-RjUL
_bben
_cBD-RjUL
041 _aben
082 _223
_a398.2
_bKAL 1968
100 _aকাসিমপুরী, মোহাম্মদ সিরাজুদ্দীন
_9147354
245 1 0 _aলোক-সাহিত্যে ছড়া /
_cমোহাম্মদ সিরাজুদ্দীন কাসিমপুরী
260 _aঢাকা :
_bবাংলা একাডেমী,
_c১৯৬২ [প্রকাশ ১৯৬৮]
300 _a[২], ১৭৬ পৃ.;
_c২১ সেমি.
650 _aলোক সাহিত্য
_9147355
650 _aFolk Lore
_9147356
942 _2ddc
_cBK
999 _c48918
_d48918